Los ferrocarriles y el crecimiento económico de Estados Unidos (Record no. 64380)

MARC details
000 -LEADER
campo de control de longitud fija 00590nam a2200169 i 4500
001 - NÚMERO DE CONTROL
campo de control 64380
003 - IDENTIFICADOR DE NÚMERO DE CONTROL
campo de control ES-MaACL
005 - FECHA Y HORA DE LA ÚLTIMA TRANSACCIÓN
campo de control 20230906165121.0
007 - CAMPO FIJO DE DESCRIPCIÓN FÍSICA--INFORMACIÓN GENERAL
campo de control de longitud fija t|
008 - DATOS DE LONGITUD FIJA--INFORMACIÓN GENERAL
campo de control de longitud fija 031223s1972 sp ||||1| spa d
100 1# - ENTRADA PRINCIPAL--NOMBRE DE PERSONA
Nombre de persona Fogel, Robert William.
9 (RLIN) 51411
245 14 - MENCIÓN DEL TÍTULO
Título Los ferrocarriles y el crecimiento económico de Estados Unidos
Resto del título : ensayos de historia econométrica /
Mención de responsabilidad, etc. Robert William Fogel ; [traducción por José de Celis Bores].
260 ## - PUBLICACIÓN, DISTRIBUCIÓN, ETC.
Lugar de publicación, distribución, etc. Madrid :
Nombre del editor, distribuidor, etc. Tecnos,
Fecha de publicación, distribución, etc. [1972]
300 ## - DESCRIPCIÓN FÍSICA
Extensión 275 p. ;
Dimensiones 24 cm.
700 1# - ENTRADA AGREGADA--NOMBRE PERSONAL
Nombre de persona Celis Bores, José de.
9 (RLIN) 37363
852 ## - LOCALIZACIÓN
Ubicación ES-MaACL
Número de control de estantería C-49261
Sublocalización o colección R.84547
Holdings
Estatus retirado Estado de pérdida Estado de daño No para préstamo Biblioteca de origen Biblioteca actual Ubicación en estantería Fecha de adquisición Fuente de adquisición Total de préstamos Signatura topográfica completa Código de barras Visto por última vez Precio de reemplazo Tipo de ítem Koha
        Biblioteca del Ateneo de Madrid Biblioteca del Ateneo de Madrid Depósito 2 17/01/2008     C-49261 1067463 23/02/2023 23/02/2023 Libro impreso